000 00510nam a2200193Ia 4500
005 20250508152509.0
008 008 250505s9999 xx 000 0 eng d
037 _aTextual
040 _aFEDL
_beng
_cFEDL
041 _aeng
_2eng
084 _a155.4, DEH
_qFEDL
100 _aDeHaan Robert F.
245 0 _aTeacher's guidance handbook, 2 Vols
260 _c1956
650 _aChild psychology
700 _a Kough Jack
_9761620
942 _cTEXL
_h155.4, DEH
999 _c1336810
_d1336810